000
00324nam a2200133Ia 4500
008
240624s9999 xx 000 0 und d
041
_a
eng
082
_a
332 TRI
100
_a
TRIANA PABLO
245
_a
LECTURING BIRDS ON FLYING CAN MATHEMATIC
260
_c
2009
_a
New Jersey
_b
Wiley
300
_a
400 : p.
365
_c
_b
28
999
_c
28614
_d
28614